Minecraft mob drops - Statistics

General Stats
  • This quiz has been taken 25 times
  • The average score is 11 of 12
Answer Stats
Mobs Mob drops % Correct
Creeper Gunpowder
100%
Zombie Rotten flesh
100%
Ghast Ghast tear
95%
Spider String
95%
Sheep Wool
95%
Enderman Ender pearl
90%
Phantom Phantom membrane
90%
Chicken Feather
85%
Iron golem Iron
85%
Slime Slime ball
85%
Magma cube Magma cream
80%
Wither Nether star
80%
No matching quizzes found
Score Distribution
Percent of People with Each Score
Percentile by Number Answered
Your Score History
You have not taken this quiz